Modelovanie šírenia epidémií pomocou diferenciálnych rovníc
Guardado en:
| Autor principal: | |
|---|---|
| Otros Autores: | |
| Formato: | Manuscrito Libro |
| Lenguaje: | eslovaco |
| Materias: | |
| Acceso en línea: | http://is.stuba.sk/zp/portal_zp.pl?podrobnosti=83809 |
| Etiquetas: |
Sin Etiquetas, Sea el primero en etiquetar este registro!
|
MARC
| LEADER | 00000ntm a22000003a 4500 | ||
|---|---|---|---|
| 001 | stuzp40003 | ||
| 003 | SK-STU | ||
| 005 | 20160229160055.2 | ||
| 007 | ta | ||
| 008 | 150427s2015----xo-----f-mn---000-0-slo-d | ||
| 040 | |a STU |b slo | ||
| 041 | 0 | |a slo | |
| 100 | 1 | |a Michalovičová, Silvia |u 047000 |4 aut |U FCHPT Fakulta chemickej a potravinárskej technológie |T FCHPT Ústav informatizácie, automatizácie a matematiky |X 44238 |U C7000 |Y 105 |7 44238 | |
| 242 | 0 | 1 | |a Modeling the spread of epidemics using differential equations |y eng |
| 245 | 1 | 0 | |a Modelovanie šírenia epidémií pomocou diferenciálnych rovníc |
| 650 | 4 | |a Diferenciálne rovnice |2 slo | |
| 650 | 4 | |a modelovanie |2 slo | |
| 650 | 4 | |a modely rastu |2 slo | |
| 650 | 4 | |a epidemiologické modely |2 slo | |
| 650 | 4 | |a Kermackov McKendrickov model |2 slo | |
| 650 | 4 | |a analýza modelu SIR |2 slo | |
| 650 | 4 | |a modeling |2 eng | |
| 650 | 4 | |a growth models |2 eng | |
| 650 | 4 | |a epidemic models |2 eng | |
| 650 | 4 | |a Differential Equations |2 eng | |
| 650 | 4 | |a Kermack McKendrick model |2 eng | |
| 650 | 4 | |a analysis of an SIR epidemic model |2 eng | |
| 700 | 1 | |a Horanská, Ľubomíra, |d 1970- |4 ths |X 3881 |7 A000003881 | |
| 856 | 4 | |u http://is.stuba.sk/zp/portal_zp.pl?podrobnosti=83809 | |
| SQL | |a stuzp40003 |b DBP |c SLO |d Modelovanie šírenia epidémií pomocou diferenciálnych rovníc |e 44238 |f Michalovičová, Silvia |g 047000 |h 3881 |i Horanská, Ľubomíra |j 20140715 |k 104 |l 04 |m http://is.stuba.sk/zp/portal_zp.pl?podrobnosti=83809 | ||